000 00451nam a2200133Ia 4500
008 100328s9999 xx 000 0 und d
082 _b60751
100 _aतासगावकर शशिकांत.
245 _aमनुस्मृतीचे सावट.
260 _bमनोकामना.
630 _aमनुस्मृतीचे सावट.
730 _aमनुस्मृतीचे सावट.
942 _cBOOK
999 _c546875
_d546872